Statistics for Largest Country by Category

Click here to take the quiz!

General Stats

  • This quiz has been taken 56 times
  • The average score is 35 of 67

Answer Stats

AnswerHint% Correct
IndonesiaCountry with the most active volcanoes,
82%
United StatesMost Olympic medals
76%
CanadaLongest coastline
74%
ChinaMost internet users
72%
United StatesLargest arms exporter
72%
United StatesLargest number of immigrants
72%
United KingdomMost overseas territories/dependencies
70%
United StatesLargest total length of pipelines,
70%
JapanLongest life expectancy
68%
United KingdomLargest empire in history
68%
United StatesLargest official gold reserves
68%
United StatesLargest nuclear power producer
68%
FranceLargest exporter of perfume
66%
RussiaLargest forest area
66%
United StatesLargest chicken (broiler) producer
66%
IndiaLongest Railway Platform
64%
IndiaHighest number of Phone users
64%
RussiaMost television broadcast stations
64%
AustraliaLargest wool producer
62%
ChinaLargest zinc producer
62%
ChinaLargest tin reserves
62%
IndiaHighest number of doctors and engineers graduating
62%
IndiaLargest area of arable land
62%
ArgentinaLargest exporter of soccer players
60%
ChinaLargest spinach producer
60%
IndiaHighest military base camp
60%
RussiaLargest oats producer
60%
RussiaLargest barley producer
60%
United KingdomThe highest-grossing film series
60%
United StatesLargest producer of berries
60%
AfghanistanLargest producer of opium
58%
AfghanistanLargest producer of heroin
58%
BrazilLargest citrus producer
58%
IndiaLargest importer of Defence Equipment
58%
BrazilLargest renewable freshwater resources
56%
IndiaLargest Bean producer
56%
IranLargest Shia Population
56%
AustraliaWinner of most Cricket World Cups
54%
AfghanistanHighest infant mortality rate
52%
ArgentinaLargest exporter of vegetable oil
52%
GermanyLargest natural gas importer
52%
IndonesiaCountries with the most number of mammal species
52%
ItalyLargest feldspar producer
50%
SyriaLeast peaceful nation
50%
AustraliaLargest lithium producer
48%
BhutanLargest average elevation
48%
GermanyLargest producer of lignite
48%
South AfricaLargest platinum producer
48%
TurkeyLargest boron reserves and producer
48%
TurkeyMost generous country by GNI
48%
TurkeyLargest cherry producer
48%
TurkeyLargest apricot producer
48%
BotswanaLargest Diamond Producer
42%
SwitzerlandLowest central bank interest rate
40%
Vatican CityHighest annual inflation rate
36%
IraqHighest GDP (real) annual growth rate
34%
PeruLargest maca producer
34%
IcelandHighest percentage of Internet users
32%
BangladeshLargest percentage of cultivated land
30%
HondurasHighest intentional homicide rate
30%
South SudanLowest literacy rate
28%
GhanaFastest growing economy
22%
PhilippinesBest performance at Miss Earth
22%
LuxembourgLargest external debt as percentage of GDP
20%
AndorraMost tourist arrivals per capita
18%
PhilippinesLargest nickel producer
18%
BurundiHighest rate of urbanisation
14%

Score Distribution

Percentile by Number Answered

Percent of People with Each Score

Your Score History

You have not taken this quiz